000
00296nam a2200097Ia 4500
005
20250424112930.0
008
250424s9999 xx 000 0 und d
300
_a
iii, 96 p. :ill. ; 28 cm.
650
_a
Gynecologic Surgical Procedures--methods Obstetric Surgical Procedures--methods
942
_c
SR
999
_c
37958
_d
37958